000 00737nas a2200253 4500
001 BR9202438
003 BR-BrBNA
005 20231205092509.0
007 ta
008 230509b bl.|||p| |||| 00| 00por d
040 _aBR-BrBNA
_bpor
_cBiblioteca Nacional de Agricultura
041 _a(Pt)
072 _aL53
100 1 _aAzevedo, J.J.
100 1 _aRodrigues, P.C.
245 1 _aPeriodo de servico em rebanho da raca guzera
650 _aGADO GUZERA
650 _aPARTO
650 _aPRENHEZ
650 _aREPRODUCAO ANIMAL
773 0 _tRevista Brasileira de Medicina Veterinaria (Brazil)
_xISSN 0100-2430
_g(Oct-Dec 1982), v. 5(4) p. 15-16
_wBR9202438
909 _a202311
_bLúcia
_c55
_dLúcia Elande
942 _2AGRIS
_n0
_cANA
999 _c132141
_d132141